000 00950cam a2200181 4500
001 X103551
008 000000n2000 000 0 eng u
035 _a(Sirsi) u103551
245 _aR v Caradon DC ex parte Lovejoy
260 _c2000
490 _aProperty and Compensation Reports
_v[1999] P&CR 4 243
520 _aQBD 26 April 1999. Town & country planning. Agriculture. Permitted development for agricultural building. Prior notification determination application for siting, design, external appearance. Detail of specification of materials to be used in building. Construction of TCP(GPD) Order 1995, Schedule 2, Part 6, Class A.2(2)(d)(ii). Whether application valid. TAKEN FROM JOURNAL HEADNOTE.
650 _aTOWN AND COUNTRY PLANNING (GENERAL PERMITTED DEVELOPMENT ORDER) 1995
650 _aAGRICULTURE
650 _aTOWN AND COUNTRY PLANNING
690 _aENVIRONMENTAL AND LAND CONSULTANCY-PLANNING AND DEVELOPMENT
942 _n0
999 _c62201
_d62201